| 000 | 01099nam a2200289 i 4500 | ||
|---|---|---|---|
| 001 | bg | ||
| 100 | 1 |
_aBOUVIER, Michel _d(1945- ) |
|
| 245 | 1 | 0 |
_aWprowadzenie do prawa podatkowego i teorii podatku / _cMichel Bouvier ; przekł. Hanna Bełżecka-Goethals ; [red. nauk., weryfikacja przekł., przedm. do wyd. pol. Eugeniusz Ruśkowski]. |
| 246 |
_iTyt. oryg.: _aIntroduction au droit fiscal et à théorie de l'impôt |
||
| 260 |
_aWarszawa : _b"KiK" Konieczny i Kruszewski, _c2000. |
||
| 300 |
_a261 s. ; _c21 cm. |
||
| 490 | 1 | _aBiblioteka Przeglądu Podatkowego | |
| 500 | _aTyt. oryg.: "Introduction au droit fiscal et à théorie de l'impôt" 1998. | ||
| 504 | _aBibliogr. | ||
| 650 | 9 |
_aPodatek _xprawo |
|
| 650 | 9 |
_aPodatek _xteoria |
|
| 700 | 1 |
_aRUŚKOWSKI, Eugeniusz. _ePrzedm. |
|
| 830 | _aBiblioteka Przeglądu Podatkowego | ||
| 020 | _a839131636X | ||
| 040 | _cBPK | ||
| 041 | 1 |
_apl _hfr |
|
| 080 | _a336.221.24.001 | ||
| 920 | _a83-913163-6-X | ||
| 942 | _cKS | ||
| 008 | s pl f |000 0 pol | ||
| 999 |
_c39222 _d39222 |
||